[Event "Zalakaros Barczay Memorial"]
[Site "Zalakaros"]
[Date "2020.08.31"]
[Round "1"]
[White "Gyorfi, Norbert"]
[Black "Hardicsay, Peter"]
[Result "0-1"]
[WhiteElo "1753"]
[BlackElo "2205"]
[PlyCount "56"]
[EventDate "2020.08.31"]
[EventType "swiss"]
[EventRounds "7"]
[EventCountry "HUN"]
[SourceTitle "CBM 198 Extra"]
[Source "ChessBase"]
[SourceDate "2020.11.30"]
[SourceVersion "1"]
[SourceVersionDate "2020.11.30"]
[SourceQuality "1"]

1. e4 c5 2. c3 Nf6 3. e5 Nd5 4. d4 cxd4 5. Nf3 Nc6 6. Bc4 Nb6 7. Bb3 d5 8. exd6 Qxd6 9. 0-0 Be6 10. Na3 a6 11. Bxe6 Qxe6 12. Re1 Qd5 13. cxd4 e6 14. Nc2 Be7 15. Bf4 Qd8 16. Qe2 Nd5 17. Bg3 0-0 18. a3 Rc8 19. Rad1 Qb6 20. Ne3 Rfd8 21. b4 Nc3 22. Qd2 Nxd1 23. Rxd1 a5 24. Nc4 Qb5 25. Nce5 axb4 26. axb4 Nxe5 27. Nxe5 Qd5 28. Qf4 f6 0-1

[Event "HUN-chT2 Szechenyi 1112"]
[Site "Hungary"]
[Date "2012.01.29"]
[Round "5.4"]
[White "Gyorfi, Norbert"]
[Black "Huszar, Gabor"]
[Result "1-0"]
[WhiteElo "1828"]
[BlackElo "1912"]
[PlyCount "95"]
[EventDate "2011.09.25"]
[EventType "team-tourn"]
[EventRounds "11"]
[EventCountry "HUN"]
[SourceTitle "EXT 2013"]
[Source "ChessBase"]
[SourceDate "2012.11.22"]
[SourceVersion "1"]
[SourceVersionDate "2012.11.22"]
[SourceQuality "1"]
[WhiteTeam "Zalakaros"]
[BlackTeam "Pet"]
[WhiteTeamCountry "HUN"]
[BlackTeamCountry "HUN"]

1. e4 e5 2. Nf3 Nc6 3. Bc4 Nf6 4. Ng5 d5 5. exd5 Na5 6. Bb5+ c6 7. dxc6 bxc6 8. Ba4 h6 9. Nf3 e4 10. Qe2 Be6 11. Ng1 Qd4 12. Bb3 Nxb3 13. axb3 Bd6 14. Ra4 Qc5 15. Nc3 0-0 16. Qe3 Qh5 17. Nge2 Bc5 18. Ng3 Bxe3 19. Nxh5 Nxh5 20. dxe3 f5 21. 0-0 Rfd8 22. Rd1 Rxd1+ 23. Nxd1 a6 24. Nc3 Nf6 25. Rd4 Nd5 26. Na4 Kf7 27. Nc5 Ke7 28. Bd2 Bc8 29. Ba5 Rb8 30. c4 Nb4 31. Bc7 Ra8 32. Bd6+ Kf7 33. Na4 Nd3 34. Nb6 Bb7 35. Nxa8 Bxa8 36. Ba3 c5 37. Rd8 Bc6 38. Rc8 Bd7 39. Ra8 Nc1 40. Rxa6 Nxb3 41. Rb6 Ba4 42. Ra6 Bd7 43. h4 Ke7 44. Kh2 Be6 45. Ra7+ Kf6 46. Rc7 Bxc4 47. Bxc5 Be6 48. Bd4+ 1-0

[Event "HUN-chT2 Szechenyi 1112"]
[Site "Hungary"]
[Date "2011.10.30"]
[Round "2.3"]
[White "Gyorfi, Norbert"]
[Black "Odor, Istvan"]
[Result "0-1"]
[WhiteElo "1828"]
[BlackElo "2073"]
[PlyCount "68"]
[EventDate "2011.09.25"]
[EventType "team-tourn"]
[EventRounds "11"]
[EventCountry "HUN"]
[SourceTitle "EXT 2013"]
[Source "ChessBase"]
[SourceDate "2012.11.22"]
[SourceVersion "1"]
[SourceVersionDate "2012.11.22"]
[SourceQuality "1"]
[WhiteTeam "Zalakaros"]
[BlackTeam "Sarvar"]
[WhiteTeamCountry "HUN"]
[BlackTeamCountry "HUN"]

1. e4 e5 2. Nf3 Nc6 3. Bc4 Bc5 4. c3 Nf6 5. d4 exd4 6. cxd4 Bb4+ 7. Nc3 Nxe4 8. 0-0 Bxc3 9. d5 Ne5 10. bxc3 Nxc4 11. Qd4 0-0 12. Qxe4 Nd6 13. Qd3 Qf6 14. Re1 h6 15. Ba3 a5 16. Bxd6 Qxd6 17. Re4 b6 18. Rae1 Bb7 19. c4 Rad8 20. Nd4 Qg6 21. Qh3 f5 22. Re5 Qf6 23. Nxf5 Kh8 24. g4 Bc8 25. Re7 Rg8 26. Qh5 Rdf8 27. Re8 d6 28. R8e7 Bxf5 29. gxf5 Qxf5 30. Qh4 Rc8 31. R1e6 Qb1+ 32. Kg2 Qc1 33. Rg6 Qc2 34. Rxh6+ gxh6+ 0-1